[Event "EThessaloniki SSTH HALK-ch U16"]
[Site "Thessaloniki"]
[Date "2017.11.19"]
[Round "5.2"]
[White "Ioannou, Ioannis"]
[Black "Karagiannis, Emmanouil"]
[Result "0-1"]
[WhiteElo "1516"]
[BlackElo "1310"]
[PlyCount "84"]
[EventDate "2017.10.01"]
[EventType "swiss"]
[EventRounds "6"]
[EventCountry "GRE"]
[SourceTitle "EXT 2024"]
[Source "ChessBase"]
[SourceDate "2023.10.10"]
[SourceVersion "1"]
[SourceVersionDate "2023.10.10"]
[SourceQuality "1"]

1. d4 Nf6 2. c4 e6 3. a3 c5 4. Nf3 d5 5. e3 Nc6 6. b3 dxc4 7. Bxc4 cxd4 8. Nxd4 Nxd4 9. Qxd4 Qxd4 10. exd4 Be7 11. Nc3 0-0 12. d5 Re8 13. 0-0 exd5 14. Nxd5 Nxd5 15. Bxd5 Bf6 16. Ra2 Be6 17. Bxe6 Rxe6 18. Rc2 Rd8 19. Rc7 Re7 20. Rxe7 Bxe7 21. Re1 Kf8 22. Kf1 Rd3 23. b4 a5 24. bxa5 Bxa3 25. Ke2 Bb4 26. Kxd3 Bxe1 27. a6 bxa6 28. f3 Ke7 29. Ba3+ Ke6 30. Kc4 Kf5 31. Kd3 a5 32. g4+ Ke6 33. Ke4 Bb4 34. Bb2 a4 35. h4 a3 36. Ba1 Bd2 37. g5 Bc1 38. Kd3 Bb2 39. Bxb2 axb2 40. Kc2 Kf5 41. Kxb2 Kf4 42. h5 Kxf3 0-1

[Event "GRE-chT 45th"]
[Site "Achaia"]
[Date "2017.07.06"]
[Round "5.8"]
[White "Karagiannis, Emmanouil"]
[Black "Makris, Spyridon Dionysios"]
[Result "0-1"]
[WhiteElo "1338"]
[BlackElo "1797"]
[PlyCount "102"]
[EventDate "2017.07.03"]
[EventType "team-swiss"]
[EventRounds "7"]
[EventCountry "GRE"]
[SourceTitle "CBM 179 Extra"]
[Source "ChessBase"]
[SourceDate "2017.08.23"]
[SourceVersion "1"]
[SourceVersionDate "2017.08.23"]
[SourceQuality "1"]
[WhiteTeam "Moudanion"]
[BlackTeam "Peristeriou CP"]
[WhiteTeamCountry "GRE"]
[BlackTeamCountry "GRE"]

1. e4 e5 2. Nf3 Nc6 3. d4 exd4 4. Bc4 Nf6 5. e5 d5 6. Bb5 Ne4 7. Nxd4 Bd7 8. Bxc6 bxc6 9. 0-0 Bc5 10. f3 Ng5 11. f4 Ne4 12. Be3 Bb6 13. Nc3 Nxc3 14. bxc3 0-0 15. Qf3 Qe7 16. Rae1 Rae8 17. Qg3 c5 18. Nb3 c4 19. Nd4 f6 20. e6 Bxe6 21. f5 Bd7 22. Ne6 Bxe6 23. Bxb6 axb6 24. Rxe6 Qc5+ 25. Kh1 Re7 26. Rfe1 Rfe8 27. Rxe7 Rxe7 28. Rxe7 Qxe7 29. h3 Qe5 30. Qf3 g6 31. fxg6 hxg6 32. Qg4 Kg7 33. Qf3 f5 34. a3 Kf6 35. a4 Qe1+ 36. Kh2 c6 37. Qf4 Qe5 38. g3 Qe2+ 39. Kg1 Qd1+ 40. Kh2 Qxc2+ 41. Kg1 Qd1+ 42. Kh2 Qe2+ 43. Kg1 Qe5 44. Qf3 Qe4 45. Qf2 d4 46. cxd4 c3 47. Kh2 c2 48. Qd2 g5 49. h4 f4 50. h5 fxg3+ 51. Kg1 g2 0-1

[Event "GRE-chT 45th"]
[Site "Achaia"]
[Date "2017.07.05"]
[Round "4.7"]
[White "Karagiannis, Emmanouil"]
[Black "Marinakis, Hristos"]
[Result "0-1"]
[WhiteElo "1338"]
[BlackElo "1850"]
[PlyCount "92"]
[EventDate "2017.07.03"]
[EventType "team-swiss"]
[EventRounds "7"]
[EventCountry "GRE"]
[SourceTitle "CBM 179 Extra"]
[Source "ChessBase"]
[SourceDate "2017.08.23"]
[SourceVersion "1"]
[SourceVersionDate "2017.08.23"]
[SourceQuality "1"]
[WhiteTeam "Moudanion"]
[BlackTeam "Chania OA"]
[WhiteTeamCountry "GRE"]
[BlackTeamCountry "GRE"]

1. e4 e5 2. Nf3 Nc6 3. d4 exd4 4. Bc4 Nf6 5. e5 d5 6. Bb5 Ne4 7. Nxd4 Bd7 8. 0-0 Bc5 9. Bxc6 bxc6 10. f3 Ng5 11. f4 Ne4 12. Be3 Qe7 13. Nd2 Nxd2 14. Qxd2 0-0 15. Rae1 Rfe8 16. Nb3 Bb6 17. Bxb6 axb6 18. f5 Qh4 19. Rf3 Ra4 20. c3 Re4 21. g3 Rxe1+ 22. Qxe1 Qh5 23. Rf2 Bxf5 24. Nd4 Bd7 25. Re2 Qg6 26. Qd2 h6 27. Qf4 c5 28. Nf3 Bh3 29. Re1 Qc2 30. Qd2 Qxd2 31. Nxd2 Bg4 32. Kf2 Kf8 33. Nf1 Bd7 34. Nd2 Ke7 35. Nf3 Ra8 36. a3 Ra4 37. Re2 Bg4 38. Re1 b5 39. Nd2 b4 40. Nb1 Bf5 41. axb4 cxb4 42. cxb4 Rxb4 43. Nc3 Rxb2+ 44. Kf3 Rb3 45. Kf4 Be6 46. Ne2 g5# 0-1